Detalles MARC
| 000 -CABECERA |
| campo de control de longitud fija |
01012nam a2200241 a 4500 |
| 001 - NÚMERO DE CONTROL |
| campo de control |
000022443 |
| 003 - IDENTIFICADOR DEL NÚMERO DE CONTROL |
| campo de control |
DO-SdBNP |
| 005 - FECHA Y HORA DE LA ÚLTIMA TRANSACCIÓN |
| campo de control |
20240305103442.0 |
| 008 - DATOS DE LONGITUD FIJA--INFORMACIÓN GENERAL |
| campo de control de longitud fija |
101011s1995 dr a r 000 0 spa d |
| 040 ## - FUENTE DE LA CATALOGACIÓN |
| Centro catalogador/agencia de origen |
DO-SdBNP |
| Lengua de catalogación |
spa |
| Centro/agencia transcriptor |
BNPHU |
| 082 ## - NÚMERO DE LA CLASIFICACIÓN DECIMAL DEWEY |
| Número de clasificación |
RD868.42 |
| Número de documento/Ítem |
M516A |
| 100 1# - ENTRADA PRINCIPAL--NOMBRE DE PERSONA |
| Nombre de persona |
Mejía Solière, Abigaíl, |
| Fechas asociadas al nombre |
1895-1941 |
| 9 (RLIN) |
46264 |
| 245 10 - MENCIÓN DE TÍTULO |
| Título |
Abigaíl Mejía : |
| Resto del título |
obras escogidas / |
| Mención de responsabilidad, etc. |
compiladores Abigaíl Mejía Solière, Arístides Incháustegui, Blanca Delgado Malagón. |
| 260 ## - PUBLICACIÓN, DISTRIBUCIÓN, ETC. |
| Lugar de publicación, distribución, etc. |
Santo Domingo : |
| Nombre del editor, distribuidor, etc. |
Secretaría de Estado de Educación, Bellas Artes y Culto, |
| Fecha de publicación, distribución, etc. |
1995. |
| 300 ## - DESCRIPCIÓN FÍSICA |
| Extensión |
2 v. : |
| Otras características físicas |
il. ; |
| Dimensiones |
23 cm. |
| 500 ## - NOTA GENERAL |
| Nota general |
A la cabeza de la portada: Edición conmerartiva del centenario de Abigaíl Mejía (1895-1995). |
| 590 ## - NOTA LOCAL (RLIN) |
| Nota local |
Inventariado, 2018/BT |
| 600 14 - PUNTO DE ACCESO ADICIONAL DE MATERIA--NOMBRE DE PERSONA |
| Nombre de persona |
MEJÍA SOLIÈRE, ARÍSTIDES, |
| Fechas asociadas al nombre |
1895-1941 |
| 9 (RLIN) |
46265 |
| 700 1# - PUNTO DE ACCESO ADICIONAL--NOMBRE DE PERSONA |
| Nombre de persona |
Incháustegui Cabral, Héctor, |
| Fechas asociadas al nombre |
1912-1979 |
| Término indicativo de función/relación |
comp. |
| 9 (RLIN) |
21024 |
| 700 1# - PUNTO DE ACCESO ADICIONAL--NOMBRE DE PERSONA |
| Nombre de persona |
Delgado Malagón, Blanca, |
| Término indicativo de función/relación |
comp. |
| 9 (RLIN) |
22928 |
| 910 ## - DATOS DE OPCIÓN DEL USUARIO (OCLC) |
| Datos de opción del usuario |
Validado. Control de calidad. MMOLINA |
| 942 ## - ELEMENTOS DE PUNTO DE ACCESO ADICIONAL (KOHA) |
| Fuente del sistema de clasificación o colocación |
Dewey Decimal Classification |
| Tipo de ítem Koha |
Libro |